000 00545cam a2200145 4500500
005 20260208002411.0
041 _afre
042 _adc
100 1 0 _aGiafferi-Dombre, Natacha
_eauthor
245 0 0 _aGSusanne Küchler & Daniel Miller, eds, Clothing as Material Culture, Oxford-New York, Berg, 2005, 208 p., bibl., index, ill.
260 _c2007.
500 _a72
786 0 _nL'Homme | 183 | 3 | 2007-07-01 | p. 199w-257w | 0439-4216
856 4 1 _uhttps://shs.cairn.info/revue-l-homme-2007-3-page-199w?lang=fr&redirect-ssocas=7080
999 _c1646153
_d1646153